000 00301nam a2200145Ia 4500
100 _aYuvraj Singh
942 _cBK
366 _f20
245 _aThe test of my life
260 _bRandom House india
_c2013
082 _a808.83
_bYUV
300 _a189
546 _aENGLISH
_cComputers
999 _c35733
_d35733